Lethal Company Moons - Whammies - Statistics

General Stats
  • This quiz has been taken 7 times
  • The average score is 13 of 32
Answer Stats
Picture Answer % Correct
Adamance
100%
Adamance
100%
Artifice
100%
Assurance
100%
Assurance
100%
Assurance
100%
Dine
100%
Dine
100%
Embrion
100%
Embrion
100%
Experimentation
100%
Experimentation
100%
Gordion
100%
Gordion
100%
March
100%
March
100%
Offense
100%
Offense
100%
Titan
100%
Titan
100%
Vow
100%
March
75%
Gordion
67%
Offense
67%
Vow
67%
Adamance
50%
Adamance
50%
Adamance
50%
Assurance
50%
Assurance
50%
Gordion
50%
March
50%
Offense
50%
Offense
50%
Titan
50%
Titan
50%
Titan
50%
Vow
50%
Vow
50%
Artifice
33%
Embrion
33%
Experimentation
33%
Gordion
33%
Rend
33%
Vow
33%
March
25%
Adamance
0%
Adamance
0%
Adamance
0%
Artifice
0%
Artifice
0%
Artifice
0%
Artifice
0%
Artifice
0%
Artifice
0%
Assurance
0%
Assurance
0%
Assurance
0%
Dine
0%
Dine
0%
Dine
0%
Dine
0%
Dine
0%
Dine
0%
Embrion
0%
Embrion
0%
Embrion
0%
Embrion
0%
Embrion
0%
Experimentation
0%
Experimentation
0%
Experimentation
0%
Experimentation
0%
Experimentation
0%
Gordion
0%
Gordion
0%
Gordion
0%
March
0%
March
0%
March
0%
Offense
0%
Offense
0%
Offense
0%
Rend
0%
Rend
0%
Rend
0%
Rend
0%
Rend
0%
Rend
0%
Rend
0%
Titan
0%
Titan
0%
Titan
0%
Vow
0%
Vow
0%
Vow
0%
No matching quizzes found
Score Distribution
Percent of People with Each Score
Percentile by Number Answered
Your Score History
You have not taken this quiz